000
00468nam a2200157Ia 4500
008
100122s9999 xx 000 0 und d
082
_b
72248
_a
823.08:5
100
_a
जावडेकर सुबोध
245
_a
कुरुक्षेत्र
250
_a
1
260
_b
राजहंस प्रकाशन
_c
2007
300
_a
236
630
_a
कुरुक्षेत्र
730
_a
कुरुक्षेत्र
942
_c
BOOK
999
_c
388070
_d
388067